000 00462nam a2200181Ia 4500
001 22747
005 20260414150851.0
008 260414t2005||||xx |||||||||||||| ||spa||
041 _aESP
082 _a621.4025
_bR47
100 _aRey Martínez, Francisco Javier
_eAUT
245 0 _aBombas de calor :
_by energías renovables en edificios
260 _c2005
300 _a182 páginas :
_c\N
650 _aTCA
654 _aCET
942 _cLIB
_dJUS
_fJUS
_2ddc
_n
999 _c22747
_d22747